000 00426nam a2200157 i 4500
001 54980
003 ES-MaACL
005 20230906163047.0
007 t|
008 030910s1917 fr ||||1| fre d
100 1 _aDelcourt, René.
_943359
245 1 0 _aExpressions d'argot allemand et autrichien /
_cRené Delcourt.
260 _aParis :
_b[s.n.],
_c1917 (
_fLux)
300 _a281 p. ;
_c19 cm.
852 _aES-MaACL
_jF-4150
999 _c54980
_d54980